00830nam a2200205Ia 4500003000900000008004100009040001600050080002400066111009100090245015100181260003100332300001300363490002900376650004100405650003000446700002600476942000700502999001500509952010000524IN-BaIIA211028s9999 xx 000 0 eng d cIIA Library a550.3(047.1)bSTI-5 aInternational Quiet Sun Year/Committee on Space Research SymposiumcLondond196797796 0aSolar terrestrial physicsbpt. 2, terrestrial aspects; proceedings of joint IQSY/COSPAR symposium held in London, 1967cedited by A. C. Stickland aCambridgebMIT Pressc1969 ax, 460p. aAnnals of the IQSY; v. 5 aAstronomy and Astrophysics Thesaurus aTerrestrial Physics96135 aStickland, A. C., ed. cBK c4463d4463 00104070aBANbKODcGENd1974-07-30l0o550.3(047.1)/ STI-5p4982r2021-11-05w1974-07-30yBK